How animals and plants : Protect themselves from extinction

Bibliographic Details
Main Author: Chris Soon
Corporate Author: Title
Format: Book
Published: Selangor : Penerbit Ilmumas , 2006
Series:Discovery Science on...
Subjects:

MARC

LEADER 00000cam a2200000 7i4500
001 0000005946
005 20151222.0
008 070813
020 |a 983329314X(set) 
020 |a 9833293174 
090 0 0 |a JF   |b SC ENG (6236) 
100 1 |a Chris Soon 
245 1 0 |a How animals and plants :   |b Protect themselves from extinction   |c Chris Soon 
260 |a Selangor :   |b Penerbit Ilmumas ,   |c 2006 
440 |a Discovery Science on... 
500 |a Children ages 7-9 years old (orange) 
650 0 |a Junior fiction   |x English   |x Languages 
650 0 |a Science 
710 0 |a Title 
999 |a 0000913916   |b Book   |c Teenagers   |e Cawangan Bandar Tenggara 
999 |a 0000981856   |b Book   |c Children Collection   |e Perbadanan Perpustakaan Awam Johor 
999 |a 0000981857   |b Book   |c Children Collection   |e Perbadanan Perpustakaan Awam Johor 
999 |a 0000981858   |b Book   |c Children Collection   |e Perbadanan Perpustakaan Awam Johor